Jelly Roll Charting Songs (Billboard Hot Rock) - Statistics

General Stats
  • This quiz has been taken 30 times
    24 since last reset
  • The average score is 8 of 21
Answer Stats
Album Weeks On Peak Artist(s) Song % Correct
Ballads of the Broken 58 Weeks #4 Jelly Roll Son of a Sinner
86%
Whitsitt Chapel 61 Weeks #1 (7 Weeks) Jelly Roll Need a Favor
79%
Whitsitt Chapel 37 Weeks #7 Jelly Roll Halfway to Hell
71%
Beautifully Broken 34 Weeks #6 Jelly Roll Heart of Stone
57%
Beautifully Broken 48 Weeks #5 Jelly Roll Liar
57%
Beautifully Broken (Pickin' Up the Pieces) 26 Weeks #7 mgk & Jelly Roll Lonely Road
57%
Whitsitt Chapel 1 Week #36 Jelly Roll with Brantley Gilbert & Struggle Jennings Behind Bars
43%
Beautifully Broken 2 Weeks #31 Jelly Roll Burning
43%
Twisters: The Album 5 Weeks #20 Jelly Roll Dead End Road
43%
Popular Monster 21 Weeks #14 Falling In Reverse & Jelly Roll All My Life
36%
Beautifully Broken 1 Week #35 Jelly Roll & Skylar Grey Past Yesterday
36%
Whitsitt Chapel 3 Weeks #27 Jelly Roll with Yelawolf Unlive
36%
Beautifully Broken 1 Week #45 Jelly Roll ft. Halsey Take a Bow
29%
Whitsitt Chapel 1 Week #32 Jelly Roll The Lost
29%
Ballads of the Broken 12 Weeks #30 Jelly Roll Dead Man Walking
21%
King of Hearts 34 Weeks #8 Brandon Lake & Jelly Roll Hard Fought Hallelujah
21%
Whitsitt Chapel 20 Weeks #22 Jelly Roll She
21%
Beautifully Broken 15 Weeks #26 Jelly Roll Get By
14%
Whitsitt Chapel 1 Week #43 Jelly Roll Hold On Me
14%
Whitsitt Chapel 1 Week #44 Jelly Roll Kill a Man
14%
Beautifully Broken 2 Weeks #40 Jelly Roll Unpretty
14%
No matching quizzes found
Score Distribution
Percent of People with Each Score
Percentile by Number Answered
Your Score History
You have not taken this quiz since the last reset